[Event "Penang op 11th"]
[Site "Penang"]
[Date "2019.12.09"]
[Round "1"]
[White "Koay, Yu Zhe"]
[Black "Liong, Ing Kiat Anthony"]
[Result "1/2-1/2"]
[WhiteElo "1589"]
[BlackElo "2077"]
[PlyCount "86"]
[EventDate "2019.12.09"]
[EventType "swiss"]
[EventRounds "9"]
[EventCountry "MAS"]
[SourceTitle "CBM 193 Extra"]
[Source "ChessBase"]
[SourceDate "2020.01.31"]
[SourceVersion "1"]
[SourceVersionDate "2020.01.31"]
[SourceQuality "1"]

1. d4 d5 2. c4 e6 3. Nf3 Nf6 4. g3 b6 5. Bg2 Bb7 6. 0-0 Be7 7. Qc2 0-0 8. Rd1 Na6 9. a3 dxc4 10. Qxc4 c5 11. e3 Rc8 12. Qe2 cxd4 13. Nxd4 Bxg2 14. Kxg2 Qd5+ 15. Kg1 Nc5 16. Nc3 Qb7 17. Bd2 g6 18. f4 Rfd8 19. Rac1 Bf8 20. b4 Ncd7 21. Qf3 Qxf3 22. Nxf3 a6 23. e4 Rc4 24. e5 Nd5 25. Nxd5 exd5 26. Be3 Rxc1 27. Rxc1 a5 28. bxa5 Bxa3 29. Ra1 Bc5 30. Kf2 bxa5 31. Bxc5 Nxc5 32. Rxa5 Ne6 33. Ke3 h5 34. Nd4 Nxd4 35. Kxd4 Rb8 36. Kxd5 Rb2 37. Ra8+ Kg7 38. Ra7 Kg8 39. Kd6 Rxh2 40. Ke7 Rb2 41. Kf6 Rb6+ 42. Kg5 Kg7 43. Rd7 Re6 1/2-1/2

[Event "Penang op-A 5th"]
[Site "Penang"]
[Date "2013.12.12"]
[Round "6"]
[White "Tan, Jun Ying"]
[Black "Liong, Ing Kiat Anthony"]
[Result "0-1"]
[WhiteElo "1710"]
[BlackElo "2107"]
[PlyCount "102"]
[EventDate "2013.12.09"]
[EventType "swiss"]
[EventRounds "9"]
[EventCountry "MAS"]
[SourceTitle "CBM 157 Extra"]
[Source "ChessBase"]
[SourceDate "2013.12.19"]
[SourceVersion "1"]
[SourceVersionDate "2013.12.19"]
[SourceQuality "1"]

1. d4 d5 2. c4 dxc4 3. e3 Nf6 4. Bxc4 e6 5. Nf3 a6 6. 0-0 b5 7. Bd3 Bb7 8. a4 b4 9. Nbd2 Nbd7 10. e4 c5 11. e5 Nd5 12. Nc4 cxd4 13. Nxd4 Nc5 14. Bc2 Rc8 15. Qg4 h5 16. Qh3 Nf4 17. Qg3 Qxd4 18. Qxf4 Qxf4 19. Bxf4 b3 20. Bb1 Be7 21. Rd1 0-0 22. Nd6 Rfd8 23. Be3 Kf8 24. Rc1 Bxd6 25. exd6 Rxd6 26. Bg6 Rd5 27. Bb1 f5 28. f3 g6 29. g4 hxg4 30. fxg4 Ke7 31. h4 Kd6 32. h5 gxh5 33. gxh5 Rg8+ 34. Kf2 e5 35. h6 f4 36. Bxc5+ Rxc5 37. Rg1 Rxg1 38. Kxg1 e4 39. Kf2 Rh5 40. Ra3 Bd5 41. a5 Rxh6 42. Ra4 e3+ 43. Ke2 Rh2+ 44. Kd3 Rxb2 45. Ra1 e2 46. Bc2 Rxc2 47. Re1 f3 48. Ke3 Ra2 49. Kf2 b2 50. Rb1 Be4 51. Rxb2 Rxb2 0-1

[Event "Penang op-A 5th"]
[Site "Penang"]
[Date "2013.12.11"]
[Round "4"]
[White "Albakh Ghassan, Syaqiq"]
[Black "Liong, Ing Kiat Anthony"]
[Result "0-1"]
[WhiteElo "1911"]
[BlackElo "2107"]
[PlyCount "138"]
[EventDate "2013.12.09"]
[EventType "swiss"]
[EventRounds "9"]
[EventCountry "MAS"]
[SourceTitle "CBM 157 Extra"]
[Source "ChessBase"]
[SourceDate "2013.12.19"]
[SourceVersion "1"]
[SourceVersionDate "2013.12.19"]
[SourceQuality "1"]

1. g3 d5 2. Bg2 Nf6 3. c4 dxc4 4. Qa4+ c6 5. Qxc4 g6 6. b3 Bg7 7. Bb2 0-0 8. Nf3 Be6 9. Qc1 Qc8 10. h4 Na6 11. d3 h5 12. Nbd2 Rd8 13. Nc4 Bxc4 14. Qxc4 Ne8 15. Bxg7 Nxg7 16. Ng5 Rf8 17. 0-0 Nc7 18. a4 Qd8 19. b4 a6 20. Rab1 Nf5 21. e3 Nd6 22. Qb3 e6 23. d4 Qe7 24. Nf3 Rad8 25. Ne5 Nd5 26. Rfc1 Kg7 27. Rc5 f6 28. Nd3 Nc7 29. Nf4 Nd5 30. Nd3 Nc7 31. Nf4 Nd5 32. Qc2 Qf7 33. Nd3 Nc7 34. Nf4 Nd5 35. Ne2 Ne7 36. Nc1 Nd5 37. Nd3 Nc7 38. Qb2 Rfe8 39. Rbc1 Nf5 40. Nf4 Nd6 41. e4 Re7 42. Nd3 Red7 43. Nf4 Nde8 44. Ne2 Nd6 45. Nf4 Nde8 46. Ne2 Nd6 47. Kh2 Kh7 48. Nf4 Nde8 49. Ne2 Nd6 50. Bf3 f5 51. exf5 Nxf5 52. Nf4 Rxd4 53. Nh3 Qg7 54. Ng5+ Kg8 55. R1c2 Rd3 56. Qa2 Nd4 57. Be4 Nxc2 58. Bxd3 Nxb4 59. Qd2 Nxd3 60. Rc3 Qd4 61. Nh3 Ne5 62. Qg5 Ng4+ 63. Kg2 Qd5+ 64. Qxd5 Rxd5 65. Nf4 Kg7 66. Rb3 b5 67. Rc3 Rd6 68. axb5 Nxb5 69. Rc1 Ne5 0-1

[Event "Penang op-A 5th"]
[Site "Penang"]
[Date "2013.12.10"]
[Round "2"]
[White "Fominyh, Alexander"]
[Black "Liong, Ing Kiat Anthony"]
[Result "1-0"]
[WhiteElo "2444"]
[BlackElo "2107"]
[PlyCount "59"]
[EventDate "2013.12.09"]
[EventType "swiss"]
[EventRounds "9"]
[EventCountry "MAS"]
[SourceTitle "CBM 157 Extra"]
[Source "ChessBase"]
[SourceDate "2013.12.19"]
[SourceVersion "1"]
[SourceVersionDate "2013.12.19"]
[SourceQuality "1"]

1. d4 d5 2. Nf3 Nf6 3. c4 dxc4 4. e3 e6 5. Bxc4 a6 6. 0-0 b5 7. Be2 Bb7 8. a4 b4 9. b3 Be7 10. Nbd2 0-0 11. Bb2 Nbd7 12. Nc4 a5 13. Nfe5 Nd5 14. Nxd7 Qxd7 15. Ne5 Qd8 16. Rc1 Bd6 17. Bf3 f6 18. Nd3 Ba6 19. Re1 Bxd3 20. Qxd3 Ra7 21. Qc4 Kh8 22. g3 Nb6 23. Qxe6 Re8 24. Qh3 Qe7 25. e4 Qf7 26. Re3 Bf8 27. d5 Nd7 28. Bh5 g6 29. Bxg6 Qxg6 30. Qxd7 1-0

[Event "Kuala Lumpur op 5th"]
[Site "Kuala Lumpur"]
[Date "2008.08.23"]
[Round "10"]
[White "Liong, Ing Kiat Anthony"]
[Black "Jia, Haoxiang"]
[Result "0-1"]
[WhiteElo "2159"]
[BlackElo "2303"]
[PlyCount "64"]
[EventDate "2008.08.18"]
[EventType "swiss"]
[EventRounds "11"]
[EventCountry "MAS"]
[SourceTitle "CBM 126 Extra"]
[Source "ChessBase"]
[SourceDate "2008.11.05"]
[SourceVersion "1"]
[SourceVersionDate "2008.11.05"]
[SourceQuality "1"]

1. e4 c5 2. Nf3 e6 3. d4 cxd4 4. Nxd4 a6 5. Bd3 Nf6 6. 0-0 Qc7 7. Qe2 d6 8. c4 Nbd7 9. f4 Be7 10. Kh1 b6 11. Nc3 Bb7 12. Bd2 0-0 13. Rae1 Rad8 14. Bb1 Rfe8 15. g4 g6 16. g5 Nh5 17. Kg1 Ng7 18. b3 Nc5 19. f5 exf5 20. Qf2 Nce6 21. Nxe6 fxe6 22. Be3 Qc6 23. Bxb6 Bxg5 24. Bxd8 Bxd8 25. Na4 Nh5 26. Rd1 Bg5 27. Nc3 Bd8 28. Na4 Bc7 29. c5 d5 30. Nc3 Nf6 31. Qd4 Nxe4 32. b4 Nxc3 0-1